000 00739cam a2200241 a 4500
020 _a1574101145
040 _cDLC
082 0 0 _a658 DBT 1999 C147 Or.
100 r _aFry, Fred L.
245 1 0 _aStrategic planning for new & emerging businesses :
_ba consulting approach /
250 _a2nd ed.
260 _aChicago, Ill. :
_bDearborn Trade,
_cc1999.
300 _axi, 242 p. :
_bill. ;
_c24 cm.
500 _aRev. ed. of: Strategic planning for the new and small business. c1995.
650 0 _aSmall business
650 0 _aNew business enterprises
650 0 _aSmall business
650 0 _aStrategic planning.
700 1 _aStoner, Charles R.
700 1 _aWeinzimmer, Laurence G.
700 1 _aFry, Fred L.
942 _cAEDBB
999 _c18528
_d18528